SCH: Dans quel son ? #2 - Statistiques

Statistiques générales
  • Ce quiz a été pris 570 fois
  • Le résultat moyen est 6 sur 20
Statistiques - réponses
Lines Titres % Correct
On travaille le jour et la nuit, tu penses encore à t'lever tôt Une rixe, un stylo dans l'oreille et t'entends plus en stéréo RAC
76%
Et la vie devient si volatile que le vent seul pourrait s'arracher nos âmes La pluie
70%
Tu veux tuer un Homme ? Prends du 'sky et des faux espoirs Loup noir
69%
Remplis c'putain d'sac pendant qu'j'regarde tes fesses, ton string dépasse quand tu t'baisses et qu't'attrapes les liasses Dernier retrait
43%
Lunettes noires, puta, j'arrive des ténèbres, du bon ou du mauvais côté du pays Crack
42%
Ils diront pas mais au quartier, y a plus vraiment d'lois, beaucoup d'fric, très peu d'emplois Himalaya
41%
Tu s'ras jamais un membre de Baron Rouge et jamais plus haut qu'ma ceinture VNTM
38%
Ouais, y'a qu'les montagnes qui s'croisent pas, rien qu'tu fais tes dabs, rien qu'on fait tout c'qu'on dit Ivresse & Hennessy
35%
T'es dans le gang bang sans fringues et strings mais bitch, où sont tes flingues ? John lennon
33%
J'ai appris depuis à vivre ma vie en d'ssous des radars, appris à mentir, à cacher ma rage au fond du placard Ciel bleu
31%
J'envie rien aux anges si l'Diable a des ailes. C'est le S, enculé, tu meurs une entre les deux yeux comme O'Track HS
23%
Courir pour des centimes, j'ai grandi dans l'incendie sans instinct donc j'pourrais l'sentir J'attends
23%
Et la vie est trop courte et l'moteur, trop puissant pour rouler à cent-dix hors agglomération Blanc bleu
22%
T'es millionnaire en faux streams, le pe-ra, c'est tout pour l'image, y'a des chiffres mais y a v'la les trous dans ta fosse Booska Jvlivs
20%
J'regarde le ciel les yeux vitreux, scélérat, j'aime causer mais pas trop Rêves de gosses
19%
Desserre la putain d'étreinte avant qu'on foute ton corps sous un train La mallette
14%
J'apprends de mes choix, de ma foi, c'que la soif m'a fait vivre Plus rien a se dire
12%
La plupart du temps, j'donne peu ma confiance aux gens, j'remplis de bourbon trop de moments Plage enneigée
10%
Papa levait les yeux vers l'ciel quand il siphonnait son camtar pour remplir l'Opel Balenciaga
7%
Une crosse qui dépasse de l'imper', avant le casse, on est imberbe Goyard
6%
Aucun quiz correspondant
Distribution des résultats
% des personnes avec chaque résultat
Percentile par nombre de réponses
Votre historique - résultats
Vous n’avez pas pris ce quiz